000 00246nam a22001097a 4500
082 _a954.01EAS'G
100 _aEASTWICK, E. B
_979012
245 _aA GLANCE AT SINDBEFORE NAPIER
260 _aLONDON
_bOXFORD
_c1973
300 _a377P
942 _cBK
999 _c584083
_d584083